| 000 | 00000nam##2200000za#4500 |
| 001 | 9.616194 |
| 003 | CaOODSP |
| 005 | 20211126112847 |
| 007 | ta |
| 008 | 150406|2002||||xxc||||| f|0| 0 eng|d |
| 022 | |a1192-5434 |
| 040 | |aCaOODSP|beng |
| 043 | |an-cn--- |
| 086 | 1 |aFB3-2/102-35E |
| 110 | 2 |aBank of Canada. |
| 245 | 14|aThe impact of common currencies on financial markets : |ba literature review and evidence from the Euro area / |cby Liliane Karlinger. |
| 260 | |aOttawa - Ontario : |bBank of Canada |c2002. |
| 300 | |av, 39p. : |bgraphs, tables ; |c28 cm. |
| 490 | 1 |aWorking paper|x1192-5434|v2002-35 |
| 504 | |aBibliography. |
| 546 | |aRésumés en français. |
| 563 | |aSoftcover |
| 590 | |a02-49|b2002-12-06 |
| 690 | 07|aEconomic indicators|2gcpds |
| 690 | 07|aInflation|2gcpds |
| 690 | 07|aProductivity|2gcpds |
| 720 | 1 |aKarlinger, Liliane |
| 776 | 0#|tThe impact of common currencies on financial markets : |w(CaOODSP)9.580541 |
| 830 | #0|aWorking paper,|x1192-5434|v2002-35|w(CaOODSP)9.514622 |